[Event "ITA-ch U16"]
[Site "Salsomaggiore Terme"]
[Date "2019.07.12"]
[Round "7"]
[White "Benini, Sofia"]
[Black "Maulo, Alessandra"]
[Result "1/2-1/2"]
[WhiteElo "1436"]
[BlackElo "1604"]
[PlyCount "43"]
[EventDate "2019.07.07"]
[EventType "swiss"]
[EventRounds "9"]
[EventCountry "ITA"]
[SourceTitle "EXT 2020"]
[Source "ChessBase"]
[SourceDate "2019.10.17"]
[SourceVersion "1"]
[SourceVersionDate "2019.10.17"]
[SourceQuality "1"]

1. e4 c5 2. Nc3 Nc6 3. g3 g6 4. Bg2 Bg7 5. d3 e5 6. Be3 d6 7. Nge2 Nge7 8. Qd2 Nd4 9. 0-0 0-0 10. Nd1 d5 11. Nc1 Qd6 12. c3 Ndc6 13. exd5 Nxd5 14. Bh6 Be6 15. Bxg7 Kxg7 16. Ne2 Nf6 17. Ne3 Rad8 18. Rfd1 Ng4 19. f4 Nxe3 20. Qxe3 exf4 21. Nxf4 Bf5 22. Qf3 1/2-1/2

[Event "ITA-ch U16"]
[Site "Salsomaggiore Terme"]
[Date "2019.07.09"]
[Round "3"]
[White "Benini, Sofia"]
[Black "Rubinshtein, Kamilla"]
[Result "0-1"]
[WhiteElo "1436"]
[BlackElo "1819"]
[PlyCount "106"]
[EventDate "2019.07.07"]
[EventType "swiss"]
[EventRounds "9"]
[EventCountry "ITA"]
[SourceTitle "EXT 2020"]
[Source "ChessBase"]
[SourceDate "2019.10.17"]
[SourceVersion "1"]
[SourceVersionDate "2019.10.17"]
[SourceQuality "1"]

1. e4 c6 2. d4 d5 3. exd5 cxd5 4. Bd3 Nc6 5. c3 Nf6 6. Bf4 g6 7. Nf3 Bg7 8. Nbd2 a6 9. a4 0-0 10. 0-0 Bg4 11. Qb3 Bxf3 12. Nxf3 Na5 13. Qc2 Rc8 14. Rfe1 Re8 15. h3 Qb6 16. Rab1 Nc6 17. Qd2 Na5 18. Ne5 Nc6 19. Rec1 Qa5 20. Ra1 Nh5 21. Bh2 Nf6 22. Bf4 Qb6 23. Rab1 Nxe5 24. Bxe5 Nd7 25. Bxg7 Kxg7 26. Qe2 Qd6 27. Ra1 Nb6 28. Qe5+ Qxe5 29. dxe5 Nc4 30. Bxc4 Rxc4 31. Rd1 Rd8 32. Kf1 e6 33. a5 Rdc8 34. g3 R8c5 35. f4 d4 36. Rxd4 Rxd4 37. cxd4 Rb5 38. Ra2 Rb4 39. Ke2 Rxd4 40. b3 Rb4 41. Rb2 h6 42. Kd3 g5 43. Ke3 Kg6 44. Kf3 gxf4 45. gxf4 Kf5 46. Re2 Rxb3+ 47. Re3 Rb4 48. Kg3 Ra4 49. Rf3 Rxa5 50. Kh4 Ra4 51. Kh5 Rxf4 52. Rxf4+ Kxf4 53. h4 b5 0-1